ბათუმის შოთა რუსთაველის სახელმწიფო უნივერსიტეტის ბიბლიოთეკა

ასე სწავლობენ ბავშვები ლაპარაკს : (ბიბ.ჩანაწერი № 51344)

000 -ლიდერი
ფიქსირებული სიგრძის საკონტროლო ველი 01318nam a2200241Ia 4500
001 - საკონტროლო ნომერი
საკონტროლო ველი 18314
003 - საკონტროლო ნომრის იდენტიფიკატორი
საკონტროლო ველი GE_BSU
005 - ბოლო ოპერაციის თარიღი და დრო
საკონტროლო ველი 20221129165326.0
008 - ფიქსირებული სიგრძის მონაცემთა ელემენტები - ზოგადი ინფორმაცია
ფიქსირებული სიგრძის საკონტროლო ველი 181216s2015||||ge |||||||||||||| ||geo||
020 ## - წიგნის საერთაშორისო სტანდარტული ნომერი
International Standard Book Number 9789941942129x
040 ## - კატალოგიზაციის წყარო
Transcribing agency GE_BSU
041 ## - ენის კოდი
Language code of text/sound track or separate title geo
080 ## - უნივერსალური ათობითი კლასიფიკაციის ინდექსი
Universal Decimal Classification number 159.964.2 ბ-94
100 ## - მთავარი ჩანაწერი - პიროვნების სახელი
Personal name ბრიუგე, ვალბრუგა
9 (RLIN) 16215
245 ## - ცნობა სათაურის შესახებ
Title ასე სწავლობენ ბავშვები ლაპარაკს :
Remainder of title ნორმალური და დარღვეული ენობრივი განვითარება /
Statement of responsibility, etc ვალბრუგა ბრიუგე, კატარინა მოსი ; გერმანულიდან თარგმნა ლაშა დადიანმა ; მთავარი რედაქტორი მზია რაზმაძე.
264 ## - წარმოების, გამოცემის, დისტრიბუციის და სხვა ცნობები
გამოცემის, წარმოების, დისტრიბუციის... ადგილი თბილისი :
გამოცემის, წარმოების, დისტრიბუციის... სახელწოდება წიგნი+ერი,
გამოცემის, წარმოების, დისტრიბუციის... თარიღი 2015.
300 ## - ფიზიკური აღწერა
Extent 104 გვ.:
Other physical details ილ.,
Dimensions 21 სმ.
653 ## - INDEX TERM--UNCONTROLLED
Uncontrolled term ფსიქოლოგია
700 ## - ADDED ENTRY--PERSONAL NAME
Personal name მოსი, კატარინა
Relator term ავტორი
9 (RLIN) 16216
700 ## - ADDED ENTRY--PERSONAL NAME
Personal name დადიანი, ლაშა
Relator term მთარგმნელი
9 (RLIN) 11786
700 ## - ADDED ENTRY--PERSONAL NAME
Personal name რაზმაძე, მზია
Relator term მთ. რედაქტორი
9 (RLIN) 16217
942 ## - ADDED ENTRY ELEMENTS (KOHA)
Koha item type წიგნი
Source of classification or shelving scheme
ეგზემპლარები
ჩამოწერის სტატუსი დაკარგული ეგზემპლარის სტატუსი კლასიფიკაციის წყარო ან თაროზე გაწყობის სქემა დაზიანების სტატუსი არ გაიცემა მუდმივი მდებარეობა (დაცვის ადგილი) ამჟამინდელი ადგილსამყოფელი თაროზე განთავსების ადგილი შეძენის თარიღი ღირებულება, შესყიდვის ნორმალური ფასი სრული შენახვის შიფრი შტრიხკოდი ბოლო ოპერაციის თარიღი ეგზემპლარის მიმდევრობითი ნომერი (კეტერი?) ფასის ძალაში შესვლის თარიღი ეგზემპლარის სახეობა საჯარო შენიშვნა
          ბათუმის შოთა რუსთაველის სახელმწიფო უნივერსიტეტის მთავარი ბიბლიოთეკა ბათუმის შოთა რუსთაველის სახელმწიფო უნივერსიტეტის მთავარი ბიბლიოთეკა წიგნსაცავი 2018-12-17 8.00 159.964.2 ბ-94 46753 2018-12-17 46753 2018-12-17 წიგნი 8 ლ.
          ბათუმის შოთა რუსთაველის სახელმწიფო უნივერსიტეტის მთავარი ბიბლიოთეკა ბათუმის შოთა რუსთაველის სახელმწიფო უნივერსიტეტის მთავარი ბიბლიოთეკა წიგნსაცავი 2018-12-17 8.00 159.964.2 ბ-94 46754 2018-12-17 46754 2018-12-17 წიგნი 8 ლ.